000 00361nam a2200133Ia 4500
008 151001s9999||||xx |||||||||||||| ||und||
100 _aद का हसमनीस
245 _aनामदार
250 _a1
260 _bगुलमोहर प्रकाशन सातारा
260 _c1982
300 _a151
365 _b18
999 _c963700
_d963697